000 00727nam a2200229 i 4500
001 C2-0272416
003 PPAK
005 20180728002007.0
008 060809s1995 my a|||| ||||| | may d
040 _aPPAK
_beng
_cPPAK
_erda
082 0 4 _a291.175
_223
090 0 0 _a291.175
_bSEM
_dKSF
100 0 _aMohamad Khalil Amran,
_eauthor
245 1 0 _aSeni Islam Sezaman Di Malaysia - Satu Pembicaraan
_b(Art Spirituality)
264 1 _aSelangor :
_bBalai Seni Lukis Negara Kuala Lumpur ,
_c1995
300 _a19 pages :
_billustrations ;
_c30 cm
336 _2rdacontent
_atext
337 _2rdamedia
_aunmediated
338 _2rdacarrier
_avolume
500 _aDalam Kandungan Kertas Kerja Art Spirituality
942 _ddc
_cB
999 _c80390
_d80390